| 000 | 00716nam a2200229Ii 4500 | ||
|---|---|---|---|
| 003 | JO-AjNU | ||
| 008 | 230605s9999||||xx |||||||||||||| ||und|| | ||
| 017 | _a1977/3526 | ||
| 020 | _a266-154-3 | ||
| 040 |
_aJO-AjNU _bara _erda _cJO-AjNU |
||
| 041 | _aara | ||
| 050 | 1 | 4 | _aLB880 1971 |
| 100 | 3 |
_aنيلر،جورج.ف مؤلف/لوقا،نظمي مترجم, _eauthor _920416 |
|
| 245 | 0 | 0 | _aمدخل إلى فلسفة التربية |
| 250 | _aط2 | ||
| 264 | 3 | 1 | _aالقاهرة:مكتبة الأنجلو المصرية،1971 |
| 300 | _a130ص | ||
| 336 |
_atext _btxt _2rdacontent |
||
| 337 |
_aunmediated _bn _2rdamedia |
||
| 338 |
_avolume _bnc _2rdacarrier |
||
| 650 | 4 |
_aالتعليم-فلسفة. _920417 |
|
| 999 |
_aA6916 _c10484 _d10484 |
||